Ovládanie koncových zariadení mozgovými signálmi pomocou EEG

Gespeichert in:
Bibliographische Detailangaben
1. Verfasser: Stančík, Stanislav (Verfasst von)
Weitere Verfasser: Vargic, Radoslav (Betreuung Doktorarbeit)
Format: Manuskript Buch
Sprache:Slowakisch
Veröffentlicht: 2019
Schlagworte:
Online-Zugang:http://is.stuba.sk/zp/portal_zp.pl?podrobnosti=152922
Tags: Tag hinzufügen
Keine Tags, Fügen Sie das erste Tag hinzu!

MARC

LEADER 00000ntm a22000003a 4500
001 stuzp71611
003 SK-STU
005 20190626143826.6
007 ta
008 150427s2015----xo-----f-mn---000-0-slo-d
040 |a STU  |b slo 
041 0 |a slo 
044 |a xo 
100 1 |a Stančík, Stanislav  |u 037000  |k Z4  |4 aut  |U FEI Fakulta elektrotechniky a informatiky  |T FEI Ústav multimediálnych informačných a komunikačných technológií  |X 74966  |U E070  |Y 818  |7 74966 
242 0 1 |a Device control using EEG based Brain Computer Interface  |y eng 
245 1 0 |a Ovládanie koncových zariadení mozgovými signálmi pomocou EEG 
260 |c 2019 
300 |a 58 s. 
650 4 |a Rozhranie mozog – počítač (BCI)  |2 slo 
650 4 |a SSVEP  |2 slo 
650 4 |a FFT  |2 slo 
650 4 |a EEG  |2 slo 
650 4 |a Brain-computer interface (BCI)  |2 eng 
650 4 |a SSVEP  |2 eng 
650 4 |a FFT  |2 eng 
650 4 |a EEG  |2 eng 
700 1 |a Vargic, Radoslav  |u 037000  |k Z1  |4 ths  |U FEI Fakulta elektrotechniky a informatiky  |T FEI Ústav multimediálnych informačných a komunikačných technológií  |X 1918  |U E070  |Y 818  |7 A000001918 
856 4 |u http://is.stuba.sk/zp/portal_zp.pl?podrobnosti=152922 
996 |b 284EP12206  |c E*DIPL- 12206  |l EE37  |s P  |a 0  |w stuzp71611_0001